000 00332nam a2200145Ia 4500
008 230718s9999 xx 000 0 und d
041 _aEng.
082 _a1920.12
_bCHU-V
100 _aChurch, charlotte
245 0 _aVoice of an angul
260 _aPakistan
_bMichael Grac
_c2001
300 _a232
650 _aLaw
999 _c26173
_d26173